01615 a2200133 4500020001800000082002300018100002300041245003200064260004400096300001600140504001800156520127500174650003201449 a9780190876807 a004.6780951bSCH-C aSchneider, Florian aChina's digital nationalism bOxford University Pressc2018aNew York axvii, 291p. aInclude Index aNationalism, in China as much as elsewhere, is today adopted, filtered, transformed, enhanced, and accelerated through digital networks. And as we have increasingly seen, nationalism in digital spheres interacts in complicated ways with nationalism "on the ground." If we are to understand the social and political complexities of the twenty-first century, we need to ask: what happens to nationalism when it goes digital? In China's Digital Nationalism, Florian Schneider explores the issue by looking at digital China first hand, exploring what search engines, online encyclopedias, websites, hyperlink networks, and social media can tell us about the way that different actors construct and manage a crucial topic in contemporary Chinese politics: the protracted historical relationship with neighbouring Japan. Using two cases, the infamous Nanjing Massacre of 1937 and the ongoing disputes over islands in the East China Sea, Schneider shows how various stakeholders in China construct networks and deploy power to shape nationalism for their own ends. These dynamics provide crucial lessons on how nation states adapt to the shifting terrain of the digital age and highlight how digital nationalism is today an emergent property of complex communication networks. aInternetvCyberspacezChina